[Event "Est ch 2020 U12"]
[Site "?"]
[Date "2020.01.23"]
[Round "2.6"]
[White "Kaldmaa, Janis"]
[Black "Lain, Sander"]
[Result "1-0"]
[WhiteElo "1400"]
[BlackElo "1240"]
[PlyCount "143"]
[SourceVersionDate "2020.01.31"]

1. e4 e5 2. Nf3 Nc6 3. Bc4 Be7 4. c3 d6 5. d4 Nf6 6. dxe5 Nxe5 7. Nxe5 dxe5 8.
Qxd8+ Bxd8 9. O-O O-O 10. b3 c6 11. Ba3 Re8 12. h3 Be7 13. b4 b6 14. Bb2 Nxe4
15. Bb3 c5 16. bxc5 Nxc5 17. Bd5 Bb7 18. Bxb7 Nxb7 19. c4 Nc5 20. Bxe5 Nd3 21.
Bd4 Bc5 22. Bxc5 Nxc5 23. Na3 Nd3 24. Nb5 Rec8 25. Na3 a6 26. Rad1 Nb2 27. Rd4
h6 28. Rb1 Na4 29. Rb4 b5 30. cxb5 Nb6 31. bxa6 Rxa6 32. Rb3 Na4 33. Rf3 Rc3
34. Rd8+ Kh7 35. Nb5 Rxf3 36. gxf3 Rb6 37. Nd6 Rb1+ 38. Kg2 Rd1 39. Nxf7 Rxd8
40. Nxd8 Kg6 41. Kg3 Kg5 42. Ne6+ Kf6 43. Nf4 Kg5 44. h4+ Kf5 45. Nh5 g6 46.
Ng7+ Kf6 47. Ne8+ Kf5 48. Nd6+ Ke6 49. Ne4 Kf5 50. a3 Ke5 51. Kg4 Nb6 52. Nc3
Nc4 53. a4 Na5 54. f4+ Kf6 55. Ne4+ Ke6 56. Ng3 Nc6 57. f5+ Kf6 58. fxg6 Kxg6
59. f4 Kf6 60. Nf5 Kg6 61. h5+ Kf6 62. Nxh6 Kg7 63. Kg5 Kh7 64. Nf7 Kg7 65. Ne5
Na5 66. Nd7 Kh7 67. f5 Kg7 68. f6+ Kg8 69. Kg6 Kh8 70. f7 Nb7 71. a5 Nc5 72.
f8=R# 1-0

[Event "Est ch 2020 U12"]
[Site "?"]
[Date "2020.01.23"]
[Round "2.7"]
[White "Blohhin, Georg"]
[Black "Pallum, Rasmus"]
[Result "0-1"]
[WhiteElo "1133"]
[BlackElo "1399"]
[PlyCount "46"]
[SourceVersionDate "2020.01.31"]

1. e4 d6 2. d4 Nf6 3. Nc3 g6 4. Nf3 Bg7 5. Be2 O-O 6. O-O c5 7. Be3 Ng4 8. Bf4
Nc6 9. Ng5 cxd4 10. Bxg4 Bxg4 11. Qxg4 dxc3 12. Qh3 h6 13. Nf3 cxb2 14. Bxh6
bxa1=Q 15. Rxa1 Bxa1 16. Ng5 Bf6 17. Qg3 Bxg5 18. Bxg5 Kg7 19. Qc3+ f6 20. Bf4
Qa5 21. Qa1 Nd4 22. Kf1 Qb5+ 23. Kg1 Ne2+ 0-1

[Event "Est ch 2020 U12"]
[Site "?"]
[Date "2020.01.23"]
[Round "2.8"]
[White "Gorkov, Kirill"]
[Black "Dukov, Vladimir"]
[Result "0-1"]
[WhiteElo "1197"]
[BlackElo "1570"]
[PlyCount "94"]
[SourceVersionDate "2020.01.31"]

1. e4 e6 2. Qe2 b6 3. Nf3 Ba6 4. d3 Nc6 5. g3 Nf6 6. h3 Bb7 7. Bg2 Be7 8. O-O
d5 9. exd5 Qxd5 10. Nc3 Nd4 11. Nxd5 Nxe2+ 12. Kh1 Bxd5 13. Be3 Bc5 14. Rfe1
Bxe3 15. fxe3 Nxg3+ 16. Kh2 Ngh5 17. c4 Bb7 18. Rac1 Nd7 19. b4 c5 20. b5 Rd8
21. d4 cxd4 22. exd4 Nf4 23. Rcd1 Nxg2 24. Kxg2 O-O 25. Rc1 Nf6 26. Red1 Rc8
27. Re1 Rfd8 28. Red1 Ne4 29. Kg1 Ng3 30. Kf2 Bxf3 31. Kxf3 Nf5 32. Ke4 Nd6+
33. Kd3 f6 34. Rc3 e5 35. dxe5 Nxb5+ 36. Kc2 Nxc3 37. Rxd8+ Rxd8 38. Kxc3 fxe5
39. a4 e4 40. a5 e3 41. a6 e2 42. Kb3 e1=Q 43. Kb2 Qb4+ 44. Kc2 Rd2+ 45. Kc1
Kf7 46. c5 Ke6 47. c6 Qb2# 0-1

[Event "Est ch 2020 U12"]
[Site "?"]
[Date "2020.01.23"]
[Round "2.9"]
[White "Cherentsov, Mihhail"]
[Black "Dudakov, Andrei"]
[Result "1-0"]
[WhiteElo "1274"]
[BlackElo "1485"]
[PlyCount "61"]
[SourceVersionDate "2020.01.31"]

1. e4 c5 2. Nf3 d6 3. d4 cxd4 4. Nxd4 Nf6 5. Nc3 a6 6. f3 e6 7. Be3 Be7 8. Qd2
b5 9. a3 Bb7 10. Be2 Qc7 11. O-O-O O-O 12. g4 Nc6 13. g5 Nd7 14. h4 Rac8 15.
Rdg1 Rfd8 16. g6 Nxd4 17. gxh7+ Kh8 18. Bxd4 e5 19. Be3 Nb6 20. Bxb6 Qxb6 21.
Bf1 Rf8 22. Qg2 Bf6 23. Qg3 Qc7 24. Bh3 Rcd8 25. Bf5 Qe7 26. Nd5 Bxd5 27. exd5
Rb8 28. Be4 Rbc8 29. h5 Qe8 30. Kb1 Rb8 31. Rh4 1-0

[Event "Est ch 2020 U12"]
[Site "?"]
[Date "2020.01.23"]
[Round "2.10"]
[White "Gridin, Maksim"]
[Black "Rõtshagov, Anton"]
[Result "0-1"]
[WhiteElo "1153"]
[BlackElo "1546"]
[PlyCount "80"]
[SourceVersionDate "2020.01.31"]

1. c4 e6 2. d4 d5 3. cxd5 exd5 4. Nc3 Nf6 5. e3 Be7 6. Be2 O-O 7. Nf3 Bf5 8.
O-O Re8 9. b3 Ne4 10. Bb2 Nc6 11. Nd2 Bf6 12. Bf3 Nxc3 13. Bxc3 Ne7 14. Re1 Bg6
15. Rc1 c6 16. Bh5 Bxh5 17. Qxh5 Nc8 18. Nf3 Nd6 19. Nd2 Qc7 20. Ba1 Ne4 21.
Nf3 Qe7 22. Ne5 Bxe5 23. dxe5 Nc5 24. Red1 Nd7 25. f4 Nc5 26. Kh1 Ne4 27. Kg1
Qc7 28. Rxd5 Qb6 29. Bd4 c5 30. Bxc5 Qc6 31. Rdd1 Nxc5 32. b4 Qe4 33. bxc5
Qxe3+ 34. Kh1 Rac8 35. Rb1 Rxc5 36. Rxb7 Qxf4 37. Rxa7 Rcxe5 38. g3 Re1+ 39.
Rxe1 Rxe1+ 40. Kg2 Qf1# 0-1

[Event "Est ch 2020 U12"]
[Site "?"]
[Date "2020.01.23"]
[Round "2.11"]
[White "Sizov, Lev"]
[Black "Kompus, Karl Erik"]
[Result "1-0"]
[WhiteElo "1490"]
[BlackElo "1128"]
[PlyCount "111"]
[SourceVersionDate "2020.01.31"]

1. c4 e5 2. Nc3 Nf6 3. e4 Nc6 4. d3 Bb4 5. Bg5 O-O 6. Nf3 d6 7. Be2 Bxc3+ 8.
bxc3 h6 9. Bxf6 Qxf6 10. O-O Qg6 11. Qd2 Bh3 12. Nh4 Qg5 13. Qxg5 hxg5 14. Nf3
Bg4 15. h3 Bxf3 16. Bxf3 a6 17. Rfd1 b5 18. cxb5 axb5 19. d4 Ra3 20. dxe5 Nxe5
21. Be2 Rxc3 22. Rac1 Rxc1 23. Rxc1 c5 24. Bxb5 Ra8 25. a4 Ng6 26. Rd1 Ne5 27.
Rxd6 c4 28. Rd1 Rc8 29. Rc1 c3 30. Rc2 g6 31. a5 Rc5 32. Bf1 Rxa5 33. Rxc3 Ra4
34. Rc5 f6 35. f3 Kf7 36. Bb5 Ra5 37. Be8+ Kxe8 38. Rxa5 Ke7 39. Ra6 Nd3 40. g3
Kf7 41. Rd6 Ne5 42. f4 gxf4 43. gxf4 Nc4 44. Rc6 Ne3 45. Kf2 g5 46. Kxe3 gxf4+
47. Kxf4 Kg6 48. e5 Kf7 49. Rxf6+ Ke7 50. h4 Kd7 51. h5 Kc7 52. h6 Kd7 53. h7
Ke7 54. h8=Q Kd7 55. Qg7+ Ke8 56. Rf8# 1-0

[Event "Est ch 2020 U12"]
[Site "?"]
[Date "2020.01.23"]
[Round "2.12"]
[White "Lillend, Fredi"]
[Black "Aleksejev, Artjom"]
[Result "1/2-1/2"]
[WhiteElo "1106"]
[BlackElo "1407"]
[PlyCount "52"]
[SourceVersionDate "2020.01.31"]

1. e4 e5 2. Nf3 Nc6 3. Bc4 a6 4. d3 f5 5. Ng5 Qe7 6. Nf7 b5 7. Bb3 a5 8. Nxh8
a4 9. Bxg8 Bb7 10. Bxh7 O-O-O 11. Bxf5 Nd4 12. O-O Nxf5 13. exf5 Qf6 14. Qg4
Qc6 15. c3 Be7 16. Nf7 Rf8 17. Nxe5 Qd5 18. Nf3 Rxf5 19. Nbd2 Bg5 20. Nxg5 Rxg5
21. Qe4 Rxg2+ 22. Kxg2 Qg5+ 23. Kh3 Bxe4 24. Nxe4 Qf5+ 25. Kg2 d5 26. Nc5 Qg4+
1/2-1/2

[Event "Est ch 2020 U12"]
[Site "?"]
[Date "2020.01.23"]
[Round "2.13"]
[White "Kaletin, Artjom"]
[Black "Leito, Erik"]
[Result "0-1"]
[WhiteElo "1101"]
[BlackElo "1290"]
[PlyCount "66"]
[SourceVersionDate "2020.01.31"]

1. e4 e5 2. Nf3 Nc6 3. Bc4 Nf6 4. Nc3 Bb4 5. d3 O-O 6. Bd2 Bxc3 7. Bxc3 d5 8.
exd5 Nxd5 9. Bxd5 Qxd5 10. h3 Bf5 11. Bxe5 Nxe5 12. Nxe5 Qxe5+ 13. Qe2 Qxe2+
14. Kxe2 Rfe8+ 15. Kf1 Re6 16. g4 Bg6 17. h4 h5 18. f3 Rf6 19. Kg2 Rc6 20. gxh5
Bxh5 21. Raf1 Re8 22. Rf2 Rg6+ 23. Kf1 Re3 24. Rh3 Bg4 25. fxg4 Rxh3 26. Re2
Rf6+ 27. Kg2 Rff3 28. Re8+ Kh7 29. Re7 Rhg3+ 30. Kh2 Rxg4 31. Rxc7 Rfg3 32.
Rxb7 Rg2+ 33. Kh3 R4g3# 0-1

[Event "Est ch 2020 U12"]
[Site "?"]
[Date "2020.01.23"]
[Round "2.14"]
[White "Jarts, Nikita"]
[Black "Lehes, Ott Oskar"]
[Result "1/2-1/2"]
[WhiteElo "1082"]
[BlackElo "1269"]
[PlyCount "72"]
[SourceVersionDate "2020.01.31"]

1. d4 d5 2. c4 e6 3. Nc3 Bb4 4. Bd2 Bd7 5. Nf3 Nf6 6. e3 O-O 7. Bd3 Nc6 8. a3
Bxc3 9. Bxc3 dxc4 10. Bxc4 Qe7 11. Ne5 Ne4 12. Nxc6 Bxc6 13. Bb4 Nd6 14. d5
exd5 15. Bxd5 Rfd8 16. Bxc6 bxc6 17. Rc1 Qd7 18. Qf3 Nf5 19. Qxc6 Rac8 20. Qxd7
Rxd7 21. Ke2 Nh4 22. g3 Ng6 23. Rhd1 Rxd1 24. Kxd1 Ne5 25. Ke2 Nd7 26. Ba5 Nb6
27. Kd3 f5 28. Kd4 Kf7 29. Ke5 g6 30. Rc6 Ke7 31. h3 Nd7+ 32. Kd5 Nf6+ 33. Ke5
Nd7+ 34. Kd5 Nf6+ 35. Ke5 Nd7+ 36. Kd5 Nf6+ 1/2-1/2

[Event "Est ch 2020 U12"]
[Site "?"]
[Date "2020.01.23"]
[Round "2.15"]
[White "Sai, Oskar"]
[Black "Hajanen, Oliver"]
[Result "1/2-1/2"]
[WhiteElo "1015"]
[BlackElo "1173"]
[PlyCount "29"]
[SourceVersionDate "2020.01.31"]

1. d4 d5 2. c4 e6 3. Nf3 Nf6 4. Nc3 Nc6 5. cxd5 exd5 6. Bf4 Be7 7. Nb5 Bd6 8.
Nxd6+ cxd6 9. e3 O-O 10. Qc2 Ne4 11. O-O-O Nb4 12. Qe2 Nxa2+ 13. Kc2 Qc7+ 14.
Kb3 Qa5 15. Ra1 1/2-1/2

[Event "Est ch 2020 U12"]
[Site "?"]
[Date "2020.01.23"]
[Round "2.16"]
[White "Akulistõi, Andrei"]
[Black "Tsõganov, Jaroslav"]
[Result "1-0"]
[WhiteElo "1164"]
[BlackElo "1046"]
[PlyCount "83"]
[SourceVersionDate "2020.01.31"]

1. e4 c5 2. Nf3 e6 3. Bc4 d6 4. O-O Nf6 5. Nc3 Be7 6. d4 O-O 7. Be3 Nc6 8. e5
Ng4 9. exd6 Bxd6 10. dxc5 Nxe3 11. fxe3 Bxc5 12. Qe2 b6 13. Rfd1 Qe7 14. Bd3
Bb7 15. Ne4 Bb4 16. c3 Ba5 17. b4 Bxb4 18. cxb4 Nxb4 19. Neg5 Nxd3 20. Qxd3 g6
21. Qb5 Bxf3 22. Nxf3 Qc5 23. Qxc5 bxc5 24. Ne5 Rfc8 25. Rd7 c4 26. Rxf7 c3 27.
Rd7 c2 28. Nd3 Rd8 29. Rxd8+ Rxd8 30. Nb2 Rc8 31. Rc1 a5 32. Nd3 Rc3 33. Ne1
Kf7 34. Rxc2 Rxc2 35. Nxc2 Kf6 36. Kf2 Ke5 37. Ke2 h5 38. Kd3 Kf5 39. Nd4+ Kg4
40. g3 Kh3 41. Nf3 Kg2 42. Ke4 1-0

[Event "Est ch 2020 U12"]
[Site "?"]
[Date "2020.01.24"]
[Round "3.1"]
[White "Õim, Mikk Kaarel"]
[Black "Köösel, Hans-Georg"]
[Result "1-0"]
[WhiteElo "1428"]
[BlackElo "1580"]
[PlyCount "67"]
[SourceVersionDate "2020.01.31"]

1. e4 e5 2. Nf3 Nf6 3. d3 Nc6 4. Be2 d6 5. Nc3 Be7 6. Be3 Be6 7. h3 a6 8. Ng5
Qc8 9. Nxe6 Qxe6 10. Qd2 h6 11. Bf3 Qd7 12. O-O O-O 13. Rad1 Kh7 14. Ne2 Bd8
15. d4 exd4 16. Nxd4 Nxd4 17. Bxd4 Re8 18. Qd3 Kh8 19. Rfe1 Qb5 20. c4 Qg5 21.
Qc3 Qg6 22. e5 dxe5 23. Bxe5 Rc8 24. Qd4 b6 25. Qf4 Re7 26. Rd2 Nd7 27. Red1
Nxe5 28. Rxd8+ Rxd8 29. Rxd8+ Kh7 30. Be4 Nf3+ 31. Bxf3 Qb1+ 32. Kh2 Qxb2 33.
Rf8 Qc2 34. Rxf7 1-0

[Event "Est ch 2020 U12"]
[Site "?"]
[Date "2020.01.24"]
[Round "3.2"]
[White "Kaldmaa, Janis"]
[Black "Mertins, Ostap"]
[Result "0-1"]
[WhiteElo "1400"]
[BlackElo "1561"]
[PlyCount "80"]
[SourceVersionDate "2020.01.31"]

1. e4 c5 2. Nf3 d6 3. c3 Nf6 4. Qc2 a6 5. a4 b6 6. d4 e6 7. g3 Bb7 8. Nbd2 Nbd7
9. Bg2 Be7 10. O-O O-O 11. Re1 Rc8 12. Nc4 cxd4 13. Nfd2 b5 14. axb5 axb5 15.
e5 Bxg2 16. exf6 Nxf6 17. Kxg2 dxc3 18. Qxc3 bxc4 19. b3 cxb3 20. Qxb3 d5 21.
Ra7 Bc5 22. Ra4 Qb6 23. Bb2 Qxb3 24. Nxb3 Rb8 25. Bxf6 Rxb3 26. Rg4 g6 27. h4
h5 28. Rg5 Rd3 29. Re2 Bd4 30. Be7 Re8 31. Bd6 Bf6 32. Bf4 Bxg5 33. Bxg5 Kg7
34. f3 f6 35. Bf4 e5 36. g4 hxg4 37. fxg4 Rc8 38. Bg3 d4 39. g5 Re3 40. Rf2 f5
0-1

[Event "Est ch 2020 U12"]
[Site "?"]
[Date "2020.01.24"]
[Round "3.3"]
[White "Pallum, Rasmus"]
[Black "Pomaznjov, Aleksei"]
[Result "0-1"]
[WhiteElo "1399"]
[BlackElo "1435"]
[PlyCount "70"]
[SourceVersionDate "2020.01.31"]

1. e4 d5 2. exd5 Nf6 3. Nf3 Nxd5 4. Be2 Nc6 5. d4 Bf5 6. a3 e6 7. O-O Bd6 8. c4
Nf4 9. c5 Nxe2+ 10. Qxe2 Be7 11. Be3 Bf6 12. Rd1 O-O 13. Nc3 Qd7 14. d5 Ne5 15.
Bf4 Nxf3+ 16. Qxf3 e5 17. Bg3 Bg4 18. Qe3 Bxd1 19. Rxd1 Rfe8 20. Rd3 Rad8 21.
Ne4 Qf5 22. Nxf6+ Qxf6 23. Qe4 Qg5 24. Rc3 f5 25. Bh4 fxe4 26. Bxg5 Rxd5 27.
Kf1 h6 28. Bh4 Rd2 29. b4 g5 30. Bg3 Red8 31. Bxe5 Rd1+ 32. Ke2 R8d2+ 33. Ke3
Rd3+ 34. Kxe4 Rxc3 35. Bxc3 Rc1 {loetamatu} 0-1

[Event "Est ch 2020 U12"]
[Site "?"]
[Date "2020.01.24"]
[Round "3.4"]
[White "Dukov, Vladimir"]
[Black "Rajandu, Aaron"]
[Result "1/2-1/2"]
[WhiteElo "1570"]
[BlackElo "1266"]
[PlyCount "70"]
[SourceVersionDate "2020.01.31"]

1. e4 c6 2. d4 d5 3. exd5 cxd5 4. c4 e6 5. Nf3 Nf6 6. Nc3 Bb4 7. Bg5 Bxc3+ 8.
bxc3 Nbd7 9. cxd5 exd5 10. c4 Nb6 11. c5 Nc4 12. Bxc4 dxc4 13. Qa4+ Bd7 14.
Qxc4 O-O 15. O-O Be6 16. Qb5 Rb8 17. a4 Bg4 18. Bxf6 Qxf6 19. Ne5 Qf4 20. Qc4
Rbd8 21. Nxg4 Rxd4 22. Nh6+ gxh6 23. Qb5 Rb8 24. Ra3 Kh8 25. Re1 Rdd8 26. Qb2+
Qd4 27. Re8+ Kg7 28. Rg3+ Kf6 29. Rf3+ Kg7 30. Rg3+ Kf6 31. Qxd4+ Rxd4 32. Rf3+
Kg6 33. Rg3+ Kf6 34. Rf3+ Kg6 35. Re1 Rxa4 1/2-1/2

[Event "Est ch 2020 U12"]
[Site "?"]
[Date "2020.01.24"]
[Round "3.5"]
[White "Rõtshagov, Anton"]
[Black "Cherentsov, Mihhail"]
[Result "1-0"]
[WhiteElo "1546"]
[BlackElo "1274"]
[PlyCount "43"]
[SourceVersionDate "2020.01.31"]

1. e4 g6 2. d4 d6 3. Nc3 Bg7 4. f4 b6 5. Nf3 Bb7 6. Bc4 Nf6 7. e5 dxe5 8. fxe5
Nd5 9. O-O Nxc3 10. bxc3 e6 11. Ng5 O-O 12. Nxf7 Rxf7 13. Bxe6 Bd5 14. Bxf7+
Bxf7 15. Rxf7 Nd7 16. Qf3 Qe8 17. Rxd7 Qxd7 18. Qxa8+ Bf8 19. Bh6 Kf7 20. e6+
Kxe6 21. Re1+ Kf5 22. Qf3# 1-0

[Event "Est ch 2020 U12"]
[Site "?"]
[Date "2020.01.24"]
[Round "3.6"]
[White "Gasanbekov, Miroslav"]
[Black "Sizov, Lev"]
[Result "0-1"]
[WhiteElo "1299"]
[BlackElo "1490"]
[PlyCount "96"]
[SourceVersionDate "2020.01.31"]

1. Nf3 d5 2. d4 Bg4 3. Nc3 Bxf3 4. exf3 e6 5. a3 a5 6. Bd3 c5 7. Bb5+ Nc6 8.
Be3 cxd4 9. Bxd4 Nf6 10. O-O Be7 11. Ne2 O-O 12. c4 Nxd4 13. Qxd4 dxc4 14. Bxc4
Qxd4 15. Nxd4 Rfd8 16. Rfd1 Rac8 17. Bb3 Rc7 18. Nb5 Rcd7 19. Rdc1 Rd3 20. Rc3
Rxc3 21. Nxc3 Bc5 22. Rc1 Rd2 23. Ne4 Nxe4 24. fxe4 Bxf2+ 25. Kf1 g6 26. Rc8+
Kg7 27. Rc7 Kf6 28. Rxb7 Rxb2 29. a4 Be3 30. Rb5 Bd2 31. g4 h6 32. h4 Rb1+ 33.
Ke2 Rb2 34. Kd3 g5 35. e5+ Kg7 36. h5 Bf4 37. Kc3 Rg2 38. Rxa5 Bd2+ 39. Kc4
Bxa5 40. Kb5 Bc3 41. a5 Bxe5 42. a6 Bd4 43. Kc6 Rxg4 44. Kb7 Rg3 45. Ba2 e5 46.
a7 Bxa7 47. Kxa7 Ra3+ 48. Kb6 Rxa2 0-1

[Event "Est ch 2020 U12"]
[Site "?"]
[Date "2020.01.24"]
[Round "3.8"]
[White "Snitsarenko, Ilja"]
[Black "Lain, Sander"]
[Result "1-0"]
[WhiteElo "1385"]
[BlackElo "1240"]
[PlyCount "95"]
[SourceVersionDate "2020.01.31"]

1. e4 e5 2. Nf3 Nc6 3. d4 exd4 4. Nxd4 Nxd4 5. Qxd4 c5 6. Qe5+ Qe7 7. Bf4 d6 8.
Bb5+ Bd7 9. Qxe7+ Bxe7 10. Nc3 Bxb5 11. Nxb5 Rc8 12. Bxd6 a6 13. Bxe7 Kxe7 14.
Nc3 Nf6 15. Nd5+ Nxd5 16. exd5 Rhe8 17. O-O-O Kf8 18. c4 b5 19. b3 bxc4 20.
bxc4 Rcd8 21. Rhe1 g6 22. g3 h5 23. h4 Re7 24. Kd2 Rd6 25. Rb1 Rxe1 26. Rxe1
Kg7 27. Re7 Kf6 28. Rc7 Ke5 29. Kd3 Rf6 30. f4+ Kf5 31. Rc6 Rxc6 32. dxc6 Ke6
33. c7 Kd7 34. Ke4 f6 35. Kd5 a5 36. Kxc5 Kxc7 37. a4 g5 38. fxg5 fxg5 39. hxg5
h4 40. gxh4 Kb7 41. g6 Ka6 42. g7 Kb7 43. g8=Q Ka7 44. Qf7+ Ka6 45. Qe6+ Ka7
46. Kc6 Ka6 47. Qc8+ Ka7 48. Qb7# 1-0

[Event "Est ch 2020 U12"]
[Site "?"]
[Date "2020.01.24"]
[Round "3.9"]
[White "Ott, Karl Eric"]
[Black "Akulistõi, Andrei"]
[Result "1-0"]
[WhiteElo "1380"]
[BlackElo "1164"]
[PlyCount "57"]
[SourceVersionDate "2020.01.31"]

1. e4 e5 2. Nf3 Nc6 3. d4 exd4 4. Nxd4 Qe7 5. Nc3 Qd6 6. Ncb5 Qc5 7. Nxc7+ Kd8
8. Nxc6+ Kxc7 9. Nd4 Nf6 10. Bf4+ Bd6 11. Bxd6+ Kxd6 12. Nb3+ Kc7 13. Nxc5 Re8
14. Bd3 b6 15. Nb3 Bb7 16. f3 Rad8 17. Qd2 d5 18. O-O-O dxe4 19. Qf4+ Kc8 20.
Bb5 Rxd1+ 21. Rxd1 Re6 22. Qd2 Kb8 23. Qd8+ Bc8 24. Ba6 Rc6 25. Rd6 Rc7 26. Nd4
exf3 27. Rc6 Rxc6 28. Nxc6+ Ka8 29. Qxc8# 1-0

[Event "Est ch 2020 U12"]
[Site "?"]
[Date "2020.01.24"]
[Round "3.10"]
[White "Karis, Fredi"]
[Black "Blohhin, Georg"]
[Result "1-0"]
[WhiteElo "1335"]
[BlackElo "1133"]
[PlyCount "39"]
[SourceVersionDate "2020.01.31"]

1. e4 c5 2. Nf3 e6 3. c3 d6 4. d4 cxd4 5. cxd4 Nf6 6. Nc3 Be7 7. Bc4 O-O 8. O-O
Qc7 9. Qe2 a6 10. Bg5 b5 11. Bb3 Bb7 12. e5 dxe5 13. Bxf6 Bxf6 14. dxe5 Bxf3
15. Qxf3 Nc6 16. exf6 gxf6 17. Qxf6 Ne5 18. Rfe1 Nd3 19. Re3 Qd6 20. Rg3+ 1-0

[Event "Est ch 2020 U12"]
[Site "?"]
[Date "2020.01.24"]
[Round "3.11"]
[White "Dudakov, Andrei"]
[Black "Lillend, Fredi"]
[Result "1-0"]
[WhiteElo "1485"]
[BlackElo "1106"]
[PlyCount "37"]
[SourceVersionDate "2020.01.31"]

1. d4 d5 2. c4 e6 3. Nc3 Nf6 4. cxd5 exd5 5. Bg5 Be7 6. e3 b6 7. Bd3 Bb7 8. Nf3
O-O 9. O-O Nbd7 10. Qe2 c5 11. Rac1 Ne4 12. Bxe7 Qxe7 13. Bb1 Ndf6 14. Qd3 a6
15. Nd2 Bc6 16. Ndxe4 Nxe4 17. Nxe4 Bb5 18. Nf6+ Qxf6 19. Qxh7# 1-0

[Event "Est ch 2020 U12"]
[Site "?"]
[Date "2020.01.24"]
[Round "3.12"]
[White "Aleksejev, Artjom"]
[Black "Jarts, Nikita"]
[Result "0-1"]
[WhiteElo "1407"]
[BlackElo "1082"]
[PlyCount "84"]
[SourceVersionDate "2020.01.31"]

1. e4 c5 2. Nf3 d6 3. d4 cxd4 4. Nxd4 Nf6 5. Nc3 a6 6. f4 e6 7. Bd3 Be7 8. Nf3
b5 9. a3 Qb6 10. Qe2 Bb7 11. Be3 Qc7 12. O-O Ng4 13. Bd4 O-O 14. h3 Nf6 15. Qf2
Nbd7 16. Rae1 Nc5 17. e5 Nxd3 18. cxd3 Nd7 19. Qg3 d5 20. Rc1 Bc5 21. Bxc5 Nxc5
22. d4 Nd7 23. Nxd5 Qb8 24. Nc3 Qa7 25. Rcd1 Rac8 26. Kh1 Nb6 27. Ng5 h6 28.
Nge4 Bxe4 29. Nxe4 Kh8 30. Nd6 Rc7 31. f5 exf5 32. Nxf5 f6 33. e6 Rc6 34. e7
Rg8 35. Rfe1 Rcc8 36. Nd6 Qc7 37. e8=Q Rcxe8 38. Rxe8 Rxe8 39. Qg6 Re7 40. Nf5
Re2 41. d5 Nxd5 42. Rxd5 Re1# 0-1

[Event "Est ch 2020 U12"]
[Site "?"]
[Date "2020.01.24"]
[Round "3.13"]
[White "Lehes, Ott Oskar"]
[Black "Sai, Oskar"]
[Result "1/2-1/2"]
[WhiteElo "1269"]
[BlackElo "1015"]
[PlyCount "86"]
[SourceVersionDate "2020.01.31"]

1. e4 c5 2. Nf3 Nc6 3. Bb5 b6 4. O-O Nf6 5. Nc3 Nd4 6. e5 Ng8 7. Nxd4 cxd4 8.
Qf3 Rb8 9. Bc4 e6 10. Nb5 Ba6 11. d3 Bb7 12. Qf4 Bc5 13. Nd6+ Bxd6 14. exd6 Nf6
15. Qxd4 O-O 16. Bg5 Rc8 17. Bxf6 gxf6 18. Qg4+ Kh8 19. Qh3 Rg8 20. f3 Rc6 21.
d4 Rxd6 22. c3 Rc6 23. Bd3 Rg7 24. Be4 Rc7 25. Bxb7 Rxb7 26. f4 Qc7 27. g3 Qc4
28. Qg2 Rc7 29. Qa8+ Rg8 30. Qg2 d5 31. Qd2 f5 32. Rfc1 h5 33. b3 Qa6 34. Kg2
Kh7 35. Qd1 Kh6 36. Qf3 Qa3 37. c4 Qb2+ 38. Qf2 Qa3 39. Qd2 Rgc8 40. Qe2 b5 41.
c5 a6 42. Qe5 Qb2+ 43. Kh3 Kg6 1/2-1/2

[Event "Est ch 2020 U12"]
[Site "?"]
[Date "2020.01.24"]
[Round "3.14"]
[White "Hajanen, Oliver"]
[Black "Gorkov, Kirill"]
[Result "0-1"]
[WhiteElo "1173"]
[BlackElo "1197"]
[PlyCount "110"]
[SourceVersionDate "2020.01.31"]

1. e4 c5 2. Nf3 Nc6 3. d4 cxd4 4. Nxd4 e6 5. Nc3 Nf6 6. Bg5 Be7 7. Bf4 O-O 8.
Be2 Qb6 9. Nxc6 bxc6 10. Rb1 Bb4 11. O-O Bxc3 12. bxc3 Qa5 13. Qd3 Qd8 14. Bg5
h6 15. Bh4 g5 16. Bg3 d5 17. e5 Ne4 18. Rb4 f6 19. Qe3 Qe7 20. Bf3 f5 21. h3 f4
22. Bxf4 gxf4 23. Qd3 Ng5 24. Bh5 Ne4 25. g3 fxg3 26. fxg3 Rxf1+ 27. Kxf1 Qg7
28. g4 Qxe5 29. Kg2 Bd7 30. Bg6 Nc5 31. Bh7+ Kh8 32. Qg6 Qg7 33. Qxg7+ Kxg7 34.
Bd3 Nxd3 35. cxd3 Kf6 36. Kg3 Rg8 37. Rf4+ Ke7 38. Kh4 Be8 39. d4 Rf8 40. Rxf8
Kxf8 41. g5 hxg5+ 42. Kxg5 Ke7 43. h4 Kd6 44. h5 Bxh5 45. Kxh5 e5 46. Kg4 exd4
47. cxd4 c5 48. dxc5+ Kxc5 49. Kf3 Kd4 50. Kf4 Kd3 51. Kf3 d4 52. a4 Kd2 53.
Kf2 d3 54. a5 Kc2 55. Ke3 d2 0-1

[Event "Est ch 2020 U12"]
[Site "?"]
[Date "2020.01.24"]
[Round "3.15"]
[White "Tsõganov, Jaroslav"]
[Black "Gridin, Maksim"]
[Result "0-1"]
[WhiteElo "1046"]
[BlackElo "1153"]
[PlyCount "69"]
[SourceVersionDate "2020.01.31"]

1. e4 c5 2. Nf3 Nc6 3. d4 cxd4 4. Nxd4 Qb6 5. Nb3 Nf6 6. Nc3 e6 7. Bg5 Be7 8.
Qd2 O-O 9. O-O-O Re8 10. Be3 Qc7 11. Nb5 Qd8 12. Bf4 e5 13. Bg3 Nxe4 14. Qd3
Nxg3 15. Qxg3 a6 16. Nc3 b5 17. Qh3 d6 18. Qf3 Bb7 19. Qh3 Bg5+ 20. Kb1 e4 21.
Nxe4 Rxe4 22. Bd3 Rh4 23. Qf5 Qf6 24. Qxh7+ Rxh7 25. Bxh7+ Kxh7 26. h4 Bh6 27.
g4 g5 28. hxg5 Qxg5 29. Rxd6 Nb4 30. Rhxh6+ Qxh6 31. Rxh6+ Kxh6 32. c3 Nd3 33.
f3 Bxf3 34. g5+ Kxg5 35. Nd4 {loetamatu} 0-1

[Event "Est ch 2020 U12"]
[Site "?"]
[Date "2020.01.24"]
[Round "3.16"]
[White "Kompus, Karl Erik"]
[Black "Kaletin, Artjom"]
[Result "1-0"]
[WhiteElo "1128"]
[BlackElo "1101"]
[PlyCount "141"]
[SourceVersionDate "2020.01.31"]

1. e4 c5 2. Nf3 d6 3. Nc3 e5 4. Bb5+ Bd7 5. Bxd7+ Nxd7 6. O-O Ngf6 7. d3 h6 8.
Re1 Be7 9. Nd5 O-O 10. Nxf6+ Nxf6 11. c4 b6 12. a3 a5 13. Bd2 Qe8 14. b4 axb4
15. axb4 Rxa1 16. Qxa1 cxb4 17. Bxb4 Qa8 18. Qxa8 Rxa8 19. Nxe5 dxe5 20. Bxe7
Nd7 21. f3 f6 22. Rd1 Kf7 23. Bb4 Ra2 24. d4 exd4 25. Rxd4 Ne5 26. Rd6 Kg6 27.
Rxb6 Nd3 28. Kf1 Rb2 29. Ba5 Rc2 30. Rc6 Ne5 31. Rc5 Nxc4 32. Ke1 Rc1+ 33. Ke2
Rc2+ 34. Kd3 Rxg2 35. Rxc4 Rxh2 36. Ke3 h5 37. Bc7 Rg2 38. e5 fxe5 39. Bxe5 Kf7
40. Rc7+ Kg8 41. Rc4 g5 42. Bf6 g4 43. fxg4 Rxg4 44. Rc5 h4 45. Kf3 Ra4 46. Kg2
Rf4 47. Bg5 Ra4 48. Kh3 Kf7 49. Bxh4 Ke6 50. Bf2 Rf4 51. Kg3 Ra4 52. Be3 Kd6
53. Rg5 Ke6 54. Bf4 Kf6 55. Kg4 Ra2 56. Rf5+ Ke6 57. Re5+ Kf6 58. Rd5 Ra6 59.
Rh5 Ra8 60. Rh6+ Kf7 61. Kf5 Rf8 62. Bd6 Rg8 63. Rh7+ Rg7 64. Rh6 Kg8 65. Be5
Rg2 66. Ke6 Kf8 67. Rh7 Rg4 68. Rd7 Ke8 69. Rb7 Rg6+ 70. Bf6 Rxf6+ 71. Kxf6 1-0

[Event "Est ch 2020 U12"]
[Site "?"]
[Date "2020.01.24"]
[Round "4.1"]
[White "Mertins, Ostap"]
[Black "Õim, Mikk Kaarel"]
[Result "1-0"]
[WhiteElo "1561"]
[BlackElo "1428"]
[PlyCount "53"]
[SourceVersionDate "2020.01.31"]

1. e4 e5 2. Nf3 Nc6 3. d4 exd4 4. Nxd4 Bc5 5. Be3 Qf6 6. c3 Nge7 7. Bc4 Ne5 8.
Be2 Qg6 9. O-O O-O 10. Nd2 d6 11. f3 Bh3 12. Rf2 d5 13. Kh1 Bd7 14. Nf5 Bd6 15.
Nxe7+ Bxe7 16. exd5 Rad8 17. Bd4 Bf6 18. Ne4 Bf5 19. Nxf6+ gxf6 20. Qb3 b6 21.
f4 Nd7 22. c4 Rfe8 23. Bf3 Re7 24. Rff1 Rde8 25. Qc3 Kf8 26. Qa3 a5 27. Rfe1
1-0

[Event "Est ch 2020 U12"]
[Site "?"]
[Date "2020.01.24"]
[Round "4.2"]
[White "Pomaznjov, Aleksei"]
[Black "Rajandu, Aaron"]
[Result "1/2-1/2"]
[WhiteElo "1435"]
[BlackElo "1266"]
[PlyCount "37"]
[SourceVersionDate "2020.01.31"]

1. e4 c6 2. d4 d5 3. exd5 cxd5 4. Nc3 Nf6 5. Nf3 e6 6. Bb5+ Bd7 7. Bd3 Bb4 8.
O-O O-O 9. a3 Bxc3 10. bxc3 h6 11. Ne5 Nc6 12. Re1 Nxe5 13. Rxe5 Bc6 14. Qf3
Ne4 15. Qg4 Qf6 16. Bxe4 dxe4 17. Bf4 Rac8 18. Rh5 Qg6 19. Qh3 1/2-1/2

[Event "Est ch 2020 U12"]
[Site "?"]
[Date "2020.01.24"]
[Round "4.3"]
[White "Köösel, Hans-Georg"]
[Black "Kaldmaa, Janis"]
[Result "1-0"]
[WhiteElo "1580"]
[BlackElo "1400"]
[PlyCount "63"]
[SourceVersionDate "2020.01.31"]

1. d4 e5 2. d5 c6 3. c4 Nf6 4. Nc3 Bb4 5. Bg5 h6 6. Bh4 g5 7. Bg3 Ne4 8. Qc2
Bxc3+ 9. bxc3 Nxg3 10. hxg3 c5 11. Nf3 d6 12. Qd2 f6 13. Qc2 Kf7 14. e3 f5 15.
Nd2 g4 16. Be2 Qf6 17. Rb1 b6 18. e4 f4 19. Rf1 h5 20. Qd3 Nd7 21. f3 Nf8 22.
gxf4 exf4 23. fxg4 hxg4 24. g3 Ng6 25. gxf4 Qh4+ 26. Kd1 g3 27. Nf3 Qh6 28.
Ng5+ Ke7 29. Qxg3 Rf8 30. Kc2 Bd7 31. Rh1 Ba4+ 32. Kb2 1-0